000 00495nam a2200169 i 4500
001 43160
003 ES-MaACL
005 20240421063014.0
007 t|
008 030317s1967 sp ||||1| spa d
100 1 _aCelaya, Gabriel,
_d1911-1991
_937346
245 1 0 _aPoemas de Rafael Múgica /
_cGabriel Celaya.
260 _aBilbao :
_bComunicación Literaria de Autores,
_c1967.
300 _a81 p. ;
_c21 cm.
852 _aES-MaACL
_jC-33254
_bR.63628
999 _c43160
_d43160